书目信息 |
| 题名: |
哲学视野中的发展与创新
|
|
| 作者: | 庞元正 , 杨信礼 主编 | |
| 分册: | ||
| 出版信息: | 北京 中共中央党校出版社 2003 |
|
| 页数: | 428页 | |
| 开本: | 20cm | |
| 丛书名: | ||
| 单 册: | ||
| 中图分类: | B0 | |
| 科图分类: | ||
| 主题词: | 哲学理论 | |
| 电子资源: | ||
| ISBN: | 7-5035-2632-7 | |
| 000 | 00654nam0 2200217 45 | |
| 001 | 0410261199 | |
| 005 | 20041026111643.5 | |
| 010 | @a7-5035-2632-7@dCNY25.00 | |
| 100 | @a20041026d2003 km y0chiy0120 ea | |
| 101 | 0 | @achi |
| 105 | @a z 000yy | |
| 200 | 1 | @a哲学视野中的发展与创新@AZhe Xue Shi Ye Zhong De Fa Zhan Yu Chuang Xin@f庞元正,杨信礼主编@FPang Yuan Zheng,Yang Xin Li Zhu Bian |
| 210 | @a北京@c中共中央党校出版社@d2003 | |
| 215 | @a428页@d20cm | |
| 300 | @a附录:会议简报等 | |
| 606 | 0 | @a哲学理论 |
| 690 | @aB0@v4 | |
| 701 | 0 | @a庞元正@4主编 |
| 701 | 0 | @a杨信礼@4主编 |
| 801 | @aCN@bTSTCL@c20041026 | |
| 905 | @b336135-139@dB0@e151@f5 | |
| 哲学视野中的发展与创新/庞元正,杨信礼主编.-北京:中共中央党校出版社,2003 |
| 428页;20cm |
| 附录:会议简报等 |
| ISBN 7-5035-2632-7:CNY25.00 |
| ● |
| 相关链接 |
|
|
|
|
正题名:哲学视野中的发展与创新
索取号:B0/151
 
预约/预借
| 序号 | 登录号 | 条形码 | 馆藏地/架位号 | 状态 | 备注 |
| 1 | 0336135 | 203361352 | 第一借阅区/ [索取号:B0/151] | 在馆 | |
| 2 | 0336136 | 203361361 | 第一借阅区/ [索取号:B0/151] | 在馆 | |
| 3 | 0336137 | 203361370 | 教育系资料室/ [索取号:B0/151] | 在馆 | |
| 4 | 0336138 | 203361389 | 教育系资料室/ [索取号:B0/151] | 在馆 | |
| 5 | 0336139 | 203361398 | 第一样本阅览室/ [索取号:B0/151] | 在馆 |